| 000 | 00928cam a22002651 4500 | ||
|---|---|---|---|
| 001 | 14307 | ||
| 003 | BD-RjUL | ||
| 005 | 20211208235615.0 | ||
| 008 | 140205s1965 ilub b 000 0 eng | ||
| 035 | _a(BD-RjUL)14359 | ||
| 035 | _a(OCoLC)166908 | ||
| 040 |
_aDLC _cODaWU _dBD-RjUL _beng |
||
| 041 | _aeng | ||
| 082 |
_a333.9130184 _bBOD 1965 |
||
| 100 | 1 |
_aBowden, Leonard W. _944669 |
|
| 245 | 1 | 0 |
_aDiffusion of the decision to irrigate : _bsimulation of the spread of a new resource management practice in the Colorado northern high plains / _cLeonard W. Bowden. |
| 260 |
_aChicago : _bDept. of Geography, University of Chicago, _c1965. |
||
| 300 |
_axxvii, 146 p. : _bill. : _c23 cm. |
||
| 490 |
_aUniversity of Chicago. Dept. of Geography. Research paper _vno. 97 |
||
| 504 | _aInclude bibliography. | ||
| 650 | 0 |
_aIrrigation _zColorado. _944670 |
|
| 942 |
_2ddc _cBK |
||
| 999 |
_c14307 _d14307 |
||